000 00551pab a2200205 454500
008 180718b2007 xxu||||| |||| 00| 0 eng d
100 _aFitch, Kimberly
245 _aWater privatisation in France and Germany: the importance of local interest groups
260 _c2007
300 _ap.589-605.
362 _aAug
650 _aPrivatization - Germany
650 _aPrivatization - France
650 _aWater - Germany
650 _aWater - France
650 _aWater
773 _aLocal Government Studies
908 _aN
909 _a75820
999 _c75820
_d75820